Toutes les communes du canton de Nort-sur-Erdre (44) - Statistiques

Statistiques générales
  • Ce quiz a été pris 38 fois
  • Le résultat moyen est 9 sur 14
Réponses sur la Carte
Les réponses sont colorées sur une échelle allant du rouge au vert en fonction du pourcentage des utilisateurs qui les ont devinées à leur premier essai. Vous pouvez retrouver ces pourcentages ci-dessous.
 
Statistiques - réponses
Commune % Correct
Nort-sur-Erdre
94%
Les Touches
88%
Joué-sur-Erdre
76%
Ligné
76%
Saint-Mars-du-Désert
76%
Casson
71%
Petit-Mars
71%
Héric
59%
Mouzeil
53%
Le Cellier
47%
Riaillé
41%
Trans-sur-Erdre
41%
Notre-Dame-des-Landes
35%
Teillé
35%
Aucun quiz correspondant
Distribution des résultats
% des personnes avec chaque résultat
Percentile par nombre de réponses
Votre historique - résultats
Vous n’avez pas pris ce quiz